MARC details
| 000 -CABECERA |
| campo de control de longitud fija |
01917nam a22002897a 4500 |
| 003 - IDENTIFICADOR DEL NÚMERO DE CONTROL |
| campo de control |
OSt |
| 005 - FECHA Y HORA DE LA ÚLTIMA TRANSACCIÓN |
| campo de control |
20260515114406.0 |
| 006 - CÓDIGOS DE INFORMACIÓN DE LONGITUD FIJA--CARACTERÍSTICAS DEL MATERIAL ADICIONAL |
| campo de control de longitud fija |
a|||||o|||| 00| 0 |
| 008 - DATOS DE LONGITUD FIJA--INFORMACIÓN GENERAL |
| campo de control de longitud fija |
260121b |||||||| |||| 00| 0 eng d |
| 022 ## - NÚMERO INTERNACIONAL NORMALIZADO PARA PUBLICACIONES SERIADAS |
| Número Internacional Normalizado para Publicaciones Seriadas |
1532-9194 |
| 040 ## - FUENTE DE LA CATALOGACIÓN |
| Centro catalogador/agencia de origen |
TBS |
| Lengua de catalogación |
EN |
| Centro/agencia transcriptor |
TBS |
| 041 ## - CÓDIGO DE LENGUA |
| Código de lengua del texto/banda sonora o título independiente |
eng |
| 100 ## - ENTRADA PRINCIPAL--NOMBRE DE PERSONA |
| Nombre de persona |
Bach, David |
| 9 (RLIN) |
27091 |
| Término indicativo de función/relación |
author |
| 245 ## - MENCIÓN DE TÍTULO |
| Título |
What every CEO needs to know about nonmarket strategy |
| Mención de responsabilidad, etc. |
/ David Bach, David Bruce Allen. |
| 260 ## - PUBLICACIÓN, DISTRIBUCIÓN, ETC. |
| Nombre del editor, distribuidor, etc. |
MIT Sloan Management Review, |
| Fecha de publicación, distribución, etc. |
2010 |
| 300 ## - DESCRIPCIÓN FÍSICA |
| Extensión |
41-48 pages. |
| 362 ## - FECHAS DE PUBLICACIÓN Y/O DESIGNACIÓN SECUENCIAL |
| Fecha de publicación y/o designación secuencial |
MIT Sloan management review, 2010-03, Vol.51 (3), p.41-48 |
| 520 ## - SUMARIO, ETC. |
| Sumario, etc. |
<br/>Nonmarket strategy recognizes that businesses are social and political beings, not just economic agents. Because companies create and distribute value, a plethora of actors seek to influence them - formally, through laws and regulation, and informally, through social pressure, activism and efforts to shape the public perception of business. Companies can't escape this. Smart executives, therefore, engage with their social and political environment, helping shape the rules of the game and reducing the risk of being hemmed in by external actors. Yet, few companies are prepared to do the hard work and commit long term to developing an effective nonmarket strategy. Fewer still understand how to integrate market and nonmarket strategies to sustain competitive advantage. Defending intellectual property rights and demonstrating good corporate citizenship are just two of the many nonmarket issues facing CEOs. |
| 630 #0 - PUNTO DE ACCESO ADICIONAL DE MATERIA--TÍTULO UNIFORME |
| Título uniforme |
MSc International Business |
| 9 (RLIN) |
26977 |
| 650 #0 - PUNTO DE ACCESO ADICIONAL DE MATERIA--TÉRMINO DE MATERIA |
| Término de materia o nombre geográfico como elemento de entrada |
Social responsibility of business |
| 9 (RLIN) |
2683 |
| 650 #0 - PUNTO DE ACCESO ADICIONAL DE MATERIA--TÉRMINO DE MATERIA |
| Término de materia o nombre geográfico como elemento de entrada |
Corporate governance |
| 9 (RLIN) |
7297 |
| 650 #0 - PUNTO DE ACCESO ADICIONAL DE MATERIA--TÉRMINO DE MATERIA |
| Término de materia o nombre geográfico como elemento de entrada |
Corporate culture |
| 9 (RLIN) |
5314 |
| 650 #0 - PUNTO DE ACCESO ADICIONAL DE MATERIA--TÉRMINO DE MATERIA |
| Término de materia o nombre geográfico como elemento de entrada |
Organizational change |
| Subdivisión general |
Management |
| 9 (RLIN) |
3673 |
| 700 ## - ENTRADA AGREGADA--NOMBRE PERSONAL |
| Nombre de persona |
Allen, David Bruce |
| 9 (RLIN) |
27093 |
| Término indicativo de función/relación |
author |
| 856 ## - LOCALIZACIÓN Y ACCESO ELECTRÓNICOS |
| Identificador Uniforme del Recurso |
<a href="https://research.ebsco.com/linkprocessor/plink?id=631c6175-d0c3-3164-8529-b3cea4e32ea0">https://research.ebsco.com/linkprocessor/plink?id=631c6175-d0c3-3164-8529-b3cea4e32ea0</a> |
| 942 ## - ELEMENTOS DE ENTRADA AGREGADA (KOHA) |
| Fuente del sistema de clasificación o colocación |
Clasificación de Library of Congress |
| Tipo de ítem Koha |
Academic Article |